000 00507 a2200169 4500
005 20250602115420.0
008 250319b |||||||| |||| 00| 0 eng d
020 _a9783110695267
080 _a547.1'13
_bHAI/O
100 _aHaiduc,Ionel
245 _aOrganometallic chemistry
_b: fundamentals and applications of organometallic compounds
250 _a2nd ed.
260 _bDe Gruyter
_aBerlin.
_c2022.
300 _a429p.
653 _aOrganometallic Molecules-Organometallic Chemistry
942 _cOO
999 _c114033
_d114032